000
00316nam a22001217a 4500
008
250605b |||||||| |||| 00| 0 eng d
050
_a
QL 958
_b
.L 88
100
_a
LVTZ H.
245
_a
Invertebrate orans culture
260
_a
New York
_b
Gordon and breach science publishers
_c
1994
300
_a
234p
942
_c
BK
999
_c
3813
_d
3813